书目信息 |
| 题名: |
中国上市公司多元化折价
|
|
| 作者: | 韩忠雪 著 | |
| 分册: | ||
| 出版信息: | 北京 经济科学出版社 2013 |
|
| 页数: | 251页 | |
| 开本: | 24cm | |
| 丛书名: | ||
| 单 册: | ||
| 中图分类: | F279.246 | |
| 科图分类: | ||
| 主题词: | 上市公司--企业管理--研究--中国 , 上市公司 , 企业管理 | |
| 电子资源: | ||
| ISBN: | 978-7-5141-3656-2 | |
| 000 | 01280nam0 2200277 450 | |
| 001 | 523 | |
| 005 | 20140909093148.78 | |
| 010 | @a978-7-5141-3656-2@dCNY42.00 | |
| 100 | @a20131211d2013 em y0chiy50 ea | |
| 101 | 0 | @achi |
| 102 | @aCN@b110000 | |
| 105 | @ay z 000yy | |
| 106 | @ar | |
| 200 | 1 | @a中国上市公司多元化折价@AZhong Guo Shang Shi Gong Si Duo Yuan Hua Zhe Jia@e代理问题与治理优化@EDai Li Wen Ti Yu Zhi Li You Hua@f韩忠雪著@FHan Zhong Xue Zhu |
| 210 | @a北京@c经济科学出版社@d2013 | |
| 215 | @a251页@d24cm | |
| 300 | @a国家自然科学基金面上项目、教育部人文社会科学研究项目资助 | |
| 330 | @a本书在澄清公司多元化折价概念和内涵的基础上,从多元化公司中存在的三重代理问题入手,即内部市场中的公司经理与部门经理之间、公司经理与股东之间和大股东与小股东之间的代理冲突,通过构建数理模型和理论分析,探讨了多元化公司中部门经理、公司经理和控股股东等各级投资人的行为特征和对公司价值的影响,得出多元化公司内部三重代理问题是造成公司多元折价的主要根源之一的结论。 | |
| 517 | 1 | @a代理问题与治理优化@ADai Li Wen Ti Yu Zhi Li You Hua |
| 606 | 0 | @a上市公司@x企业管理@x研究@y中国 |
| 606 | 0 | @a上市公司 |
| 606 | 0 | @a企业管理 |
| 690 | @aF279.246@v5 | |
| 701 | 0 | @a韩忠雪@AHan Zhong Xue@f(1972~)@4著 |
| 801 | 0 | @aCN@bTANGWEI@c20140603 |
| 905 | @b0840040-42@dF279.246@e1159@f3 | |
| 中国上市公司多元化折价:代理问题与治理优化/韩忠雪著.-北京:经济科学出版社,2013 |
| 251页;24cm |
| 国家自然科学基金面上项目、教育部人文社会科学研究项目资助 |
| ISBN 978-7-5141-3656-2:CNY42.00 |
| 本书在澄清公司多元化折价概念和内涵的基础上,从多元化公司中存在的三重代理问题入手,即内部市场中的公司经理与部门经理之间、公司经理与股东之间和大股东与小股东之间的代理冲突,通过构建数理模型和理论分析,探讨了多元化公司中部门经理、公司经理和控股股东等各级投资人的行为特征和对公司价值的影响,得出多元化公司内部三重代理问题是造成公司多元折价的主要根源之一的结论。 |
| ● |
| 相关链接 |
|
|
|
|
正题名:中国上市公司多元化折价
索取号:F279.246/1159
 
预约/预借
| 序号 | 登录号 | 条形码 | 馆藏地/架位号 | 状态 | 备注 |
| 1 | 0840040 | 208400407 | 第一样本阅览室/ [索取号:F279.246/1159] | 在馆 | |
| 2 | 0840041 | 208400416 | 密集书库-海洋学院/ [索取号:F279.246/1159] | 在馆 | |
| 3 | 0840042 | 208400425 | 第一借阅区/ [索取号:F279.246/1159] | 在馆 |